La princesa viene a las cuatro : (Record no. 158512)

MARC details
000 -CABECERA
campo de control de longitud fija 00816nam a2200229 u 4500
005 - FECHA Y HORA DE LA ÚLTIMA TRANSACCIÓN
campo de control 20240228064042.0
008 - ELEMENTOS DE LONGITUD FIJA--INFORMACIÓN GENERAL
campo de control de longitud fija 120830s2000 r 000 0 eng d
020 ## - NÚMERO INTERNACIONAL NORMALIZADO PARA LIBROS
Número Internacional Estándar del Libro 848980432X
035 ## - NÚMERO DE CONTROL DEL SISTEMA
Número de control de sistema UPN01000186409
049 ## - COLECCIÓN
Colección I
050 #4 - SIGNATURA TOPOGRÁFICA DE LA BIBLIOTECA DEL CONGRESO
Número de clasificación PZ36.3
Número de documento/Ítem S3.6
100 1# - ASIENTO PRINCIPAL--NOMBRE PERSONAL
Nombre de persona Schnurre, Wolfdietrich,
Fechas asociadas al nombre 1920-1989
9 (RLIN) 33083
245 13 - MENCIÓN DE TÍTULO
Título La princesa viene a las cuatro :
Resto del título una historia de amor /
Mención de responsabilidad, etc. Wolfdietrich Schnurre ; il. Rotraut Susanne Berner ; tr. por Eduardo Rodríguez.
260 ## - PUBLICACIÓN, DISTRIBUCIÓN, ETC.
Lugar de publicación, distribución, etc. Salamanca, Esp. :
Nombre del editor, distribuidor, etc. Lóguez,
Fecha de publicación, distribución, etc. 2000.
300 ## - DESCRIPCIÓN FÍSICA
Extensión [32] p. :
Otras características físicas il. col.
534 ## - NOTA SOBRE LA VERSIÓN ORIGINAL
Frase introductoria Título original:
Mención de título del original Die prinzessin kommt um vier
650 #7 - ASIENTO SECUNDARIO DE MATERIA - TERMINO TEMATICO
Término de materia o nombre geográfico como elemento de entrada Animales
Subdivisión de forma Literatura infantil
Fuente del encabezamiento o término
9 (RLIN) 1061
650 #0 - ASIENTO SECUNDARIO DE MATERIA - TERMINO TEMATICO
Término de materia o nombre geográfico como elemento de entrada Animales
Subdivisión de forma Cuentos y leyendas
9 (RLIN) 234
650 #4 - ASIENTO SECUNDARIO DE MATERIA - TERMINO TEMATICO
Término de materia o nombre geográfico como elemento de entrada Libros y lectura para niños
9 (RLIN) 2290
905 ## - TIPO DE MATERIAL
Tipo de material Infantil
Holdings
Estado de retiro Estado de pérdida Fuente del sistema de clasificación o colocación Estado dañado No para préstamo Código de colección Localización permanente Ubicación/localización actual Ubicación en estantería Fecha de adquisición Total de préstamos Clasificación Código de barras Fecha visto por última vez Número de copia Tipo de ítem Koha
    Library of Congress Classification     Infantil Bib. Gregorio Torres Quintero Bib. Gregorio Torres Quintero Sala infantil Planta baja 10/05/2023 1 PZ36.3 S3.6 257708 31/12/2020 1 Libro
    Library of Congress Classification     Infantil Bib. Gregorio Torres Quintero Bib. Gregorio Torres Quintero Sala infantil Planta baja 10/05/2023   PZ36.3 S3.6 296271 31/12/2020 1 Libro